000 00347 a2200157 4500
001 14386
020 _a9788508143580
040 _cAnchieta - Aquarius
100 _aLacocca, Liliana
240 1 0 _aCaça ao tesouro
_lpor
245 1 0 _aCaça ao tesouro
300 _a48p.
362 0 _a2011
650 4 _aLiteratura infanto-juvenil
942 _cBK
999 _c14386
_d14386